[Event "FRA-chT2 South 0809"]
[Site "France"]
[Date "2009.03.15"]
[Round "9.6"]
[White "Blanchard, Herve"]
[Black "Gravagna, Pierre"]
[Result "0-1"]
[WhiteElo "1740"]
[BlackElo "2038"]
[PlyCount "60"]
[EventDate "2008.10.12"]
[EventType "team-tourn"]
[EventRounds "11"]
[EventCountry "FRA"]
[SourceTitle "EXT 2010"]
[Source "ChessBase"]
[SourceDate "2010.11.25"]
[SourceVersion "1"]
[SourceVersionDate "2010.11.25"]
[SourceQuality "1"]
[WhiteTeam "Clermont Ferrand"]
[BlackTeam "Marseille Echecs II"]
[WhiteTeamCountry "FRA"]
[BlackTeamCountry "FRA"]

1. e4 c5 2. Nf3 Nc6 3. d4 cxd4 4. Nxd4 Qb6 5. Nb3 Nf6 6. Nc3 e6 7. Be2 Bb4 8. f3 d5 9. Bd2 dxe4 10. Nxe4 Be7 11. Bc3 Nd5 12. Bd4 Nxd4 13. Qxd4 Qxd4 14. Nxd4 0-0 15. Bd3 Bd7 16. g3 e5 17. Nb3 b6 18. c3 Bc6 19. Ke2 a5 20. Nbd2 f5 21. Nf2 g6 22. h4 Bf6 23. Rhg1 Rad8 24. Rac1 Rfe8 25. a3 a4 26. c4 Nc7 27. Rc2 Be7 28. h5 Ne6 29. Rcc1 Bc5 30. Bb1 Bxf2 0-1